Alle Länder Amerikas - Statistiken

Allgemein
  • Dieses Quiz wurde 1.745 mal gespielt
  • Das Durchschnittsergebnis liegt bei 26 aus 35
Antwortstatistiken
Antwort % Korrekt
USA
97%
Kanada
96%
Mexiko
94%
Argentinien
90%
Brasilien
90%
Chile
90%
Kolumbien
84%
Uruguay
83%
Peru
82%
Paraguay
81%
Venezuela
81%
Panama
80%
Bolivien
79%
Kuba
78%
Ecuador
76%
Costa Rica
74%
Jamaika
74%
Dominikanische Republik
73%
Haiti
73%
El Salvador
72%
Honduras
72%
Guatemala
69%
Bahamas
68%
Nicaragua
67%
Guyana
66%
Surinam
66%
Belize
65%
Barbados
61%
St. Lucia
59%
Dominica
56%
Antigua und Barbuda
55%
Trinidad und Tobago
54%
St. Kitts und Nevis
52%
St. Vincent und die Grenadinen
52%
Grenada
45%
Keine übereinstimmenden Quizze gefunden
Verteilung der Resultate
Anzahl Personen mit jedem Resultat
Perzentil nach korrekt beantworteten Fragen
Ihre Resultats-Entwicklung
Sie haben dieses Quiz noch nicht gespielt